|
|
|
|
| LEADER |
01008naa a2200205 i 4500 |
| 001 |
publ7786 |
| 005 |
20190829142915.0 |
| 008 |
170323s2014 hu o 0|| zxx d |
| 020 |
|
|
|a 978-963-9862-63-0
|
| 024 |
7 |
|
|a 2714821
|2 mtmt
|
| 040 |
|
|
|a SZTE Publicatio Repozitórium
|b hun
|
| 041 |
|
|
|a zxx
|
| 100 |
1 |
|
|a Schirm Anita
|
| 245 |
1 |
0 |
|a Diskurzusjelölők az osztálytermi kommunikációban
|h [elektronikus dokumentum] /
|c Schirm Anita
|
| 260 |
|
|
|a Éghajlat Könyvkiadó
|b Budapest
|c 2014
|
| 300 |
|
|
|a 193-202
|
| 490 |
0 |
|
|a Tudomány, technolektus, terminológia : a tudományok, szakmák nyelve: "Diskurzusok a szakmai diskurzusról. A tudományok, szakmák nyelvének leírása"
|
| 856 |
4 |
0 |
|u http://publicatio.bibl.u-szeged.hu/7786/7/schirm_diskurzusjelolok_az_osztalytermi_kommunikacioban.pdf
|z Dokumentum-elérés
|
| 856 |
4 |
0 |
|u http://publicatio.bibl.u-szeged.hu/7786/1/schirmanita-szaknyelvi-beliv193-202.pdf
|z Dokumentum-elérés
|
| 856 |
4 |
0 |
|u http://publicatio.bibl.u-szeged.hu/7786/18/TTT.pdf
|z Dokumentum-elérés
|